000 01046cad a22002295a 4500
001 L154795
008 120222s20120222 d f s 000 0 eng u
035 _a(Sirsi) u154795
041 0 _aeng
050 _a333.33 $2 18
110 2 _aRightmove
245 0 0 _aForces align to deliver biggest monthly asking price jump for a decade
_h[electronic resource]
260 _aLondon
_bRightmove
_c2012
490 0 0 _aRightmove House Price Index
_vFebruary 2012
520 _aNew sellers increase average asking prices by 4.1%, highest monthly increase since April 2002. Evidence of increasing confidence in the housing market as more mortgage products become available. London prices now within 1% of an all-time high, as new listings down 9% on this time last year.
590 _aKA
650 2 4 _aRIGHTMOVE HOUSE PRICE INDEX
651 4 _aUnited Kingdom
_y
690 _aResidential property
_96266
856 4 0 _uhttps://www.rightmove.co.uk/news/files/2012/02/february-2012.pdf
_zView the item free of charge at www.rightmove.co.uk
942 _n0
999 _c113159
_d113159